00271nam a2200109Ia 4500008004100000100001800041245005600059260001500115300000900130942000700139999001500146190216s9999||||xx |||||||||||||| ||und|| aMaheswari S N 0aAdvanced Problems And Solutiions In Cost Accounting bNullc1982 a792p cBK c4834d4834